000 00715nas a2200253 4500
001 BR4300102
003 BR-BrBNA
005 20231205081826.0
007 ta
008 230509b bl.|||p| |||| 00| 00por d
040 _aBR-BrBNA
_bpor
_cBiblioteca Nacional de Agricultura
041 _a(Pt)
072 _aE70; E50
100 1 _aAnon.
245 1 _aImportancia da seccao de vendas em comum nas cooperativas mistas [Brasil]
650 _aComercializacao
650 _aSociologia rural
650 _aCooperativa
650 _aComercio
650 _aVenda
773 0 _tCooperacao (Brazil)
_x
_g(Nov 1943), v. 3(17-18) p. 39-40
_wBR4300102
909 _a202311
_bLúcia
_c55
_dLúcia Elande
942 _2AGRIS
_n0
_cANA
999 _c87134
_d87134